Southville International School and Colleges
Your cart is empty.
  • Cart
  • Lists
    Public lists Eva Luna New books Lux_list list_1
    Your lists Log in to create your own lists
  • Log in to your account
  • Your cookies
  • Search history
Southville International School and Colleges
  • Advanced search
  • Recent comments
  • Most popular
  • Libraries

Log in to your account

Log in with GOOGLE


If you do not have an external account, but do have a local account, you can still log in:

  1. Home
  2. MARC view: Studio television production and directing :
Normal view MARC view ISBD view

Studio television production and directing : (Record no. 291488)

[ view plain ]
MARC details
000 -LEADER
fixed length control field 00968cam a22003018i 4500
001 - CONTROL NUMBER
control field 18544007
003 - CONTROL NUMBER IDENTIFIER
control field PILC
005 - DATE AND TIME OF LATEST TRANSACTION
control field 20160308145341.0
008 - FIXED-LENGTH DATA ELEMENTS--GENERAL INFORMATION
fixed length control field 150327s2016 mau 000 0 eng
010 ## - LIBRARY OF CONGRESS CONTROL NUMBER
LC control number 2015011211
020 ## - INTERNATIONAL STANDARD BOOK NUMBER
International Standard Book Number 9780415743501 (pbk)
040 ## - CATALOGING SOURCE
Original cataloging agency DLC
Language of cataloging eng
Transcribing agency DLC
Description conventions rda
042 ## - AUTHENTICATION CODE
Authentication code pcc
050 00 - LIBRARY OF CONGRESS CALL NUMBER
Classification number PN 1992.75
Item number .Ut88 2016
082 00 - DEWEY DECIMAL CLASSIFICATION NUMBER
Classification number 791.4502/32
100 1# - MAIN ENTRY--PERSONAL NAME
Personal name Utterback, Andrew Hicks.
245 10 - TITLE STATEMENT
Title Studio television production and directing :
Remainder of title concepts, equipment, and procedures /
Statement of responsibility, etc Andrew Utterback.
250 ## - EDITION STATEMENT
Edition statement New edition.
260 ## - PUBLICATION, DISTRIBUTION, ETC. (IMPRINT)
Place of publication, distribution, etc NY :
Name of publisher, distributor, etc Focal Press,
Date of publication, distribution, etc 2016.
263 ## - PROJECTED PUBLICATION DATE
Projected publication date 1510
300 ## - PHYSICAL DESCRIPTION
Extent 199 pages :
Other physical details illustrations ;
Dimensions 24 cm.
500 ## - GENERAL NOTE
General note Includes glossary and index.
650 #0 - SUBJECT ADDED ENTRY--TOPICAL TERM
Topical term or geographic name as entry element Television
General subdivision Production and direction.
650 #0 - SUBJECT ADDED ENTRY--TOPICAL TERM
Topical term or geographic name as entry element Television broadcasting
General subdivision Technological innovations.
906 ## - LOCAL DATA ELEMENT F, LDF (RLIN)
a 7
b cbc
c orignew
d 1
e ecip
f 20
g y-gencatlg
942 ## - ADDED ENTRY ELEMENTS (KOHA)
Source of classification or shelving scheme Library of Congress Classification
Koha item type Books
Holdings
Withdrawn status Lost status Source of classification or shelving scheme Damaged status Home library Current library Shelving location Date acquired Source of acquisition Total Checkouts Full call number Barcode Date last seen Price effective from Koha item type
    Library of Congress Classification   College Library College Library Reserve Section 03/08/2016 Library Fund   PN 1992.75 .Ut88 2016 C20434 05/15/2018 03/08/2016 Books

Studio television production and directing :

APA

Utterback A. H., . (2016). Studio television production and directing. NY: Focal Press.

Chicago

Utterback Andrew Hicks, . 2016. Studio television production and directing. NY: Focal Press.

Harvard

Utterback A. H., . (2016). Studio television production and directing. NY: Focal Press.

MLA

Utterback Andrew Hicks, . Studio television production and directing. NY: Focal Press. 2016.

  • Place hold
  • Print
  • Cite
  • Add to your cart (remove)
  • Save record
    BIBTEX Dublin Core MARCXML MARC (non-Unicode/MARC-8) MARC (Unicode/UTF-8) MARC (Unicode/UTF-8, Standard) MODS (XML) RIS
  • More searches
    Search for this title in:
    Other Libraries (WorldCat) Other Databases (Google Scholar) Online Stores (Bookfinder.com) Open Library (openlibrary.org)

Exporting to Dublin Core...

SOUTHVILLE LIBRARY

Southville International School and Colleges Library

1281 Tropical Ave. Cor. Luxembourg St., BF Homes International, Las Pinas City

Tel. No. 8256374 / 252358 Loc. 117/146

Powered by Koha